The discoveries of John Lederer, (Record no. 52404)

MARC details
000 -LEADER
fixed length control field 01472cam a22002891 4500
001 - CONTROL NUMBER
control field rc 01002786
003 - CONTROL NUMBER IDENTIFIER
control field DLC
005 - DATE AND TIME OF LATEST TRANSACTION
control field 20260227111907.0
007 - PHYSICAL DESCRIPTION FIXED FIELD--GENERAL INFORMATION
fixed length control field cr_|||||||||||
008 - FIXED-LENGTH DATA ELEMENTS--GENERAL INFORMATION
fixed length control field 781108s1891 scu 000 0 eng
010 ## - LIBRARY OF CONGRESS CONTROL NUMBER
LC control number rc 01002786
035 ## - SYSTEM CONTROL NUMBER
System control number (OCoLC)4356743
040 ## - CATALOGING SOURCE
Original cataloging agency DLC
Transcribing agency Vi
Modifying agency OCoLC
-- DLC
050 00 - LIBRARY OF CONGRESS CALL NUMBER
Classification number F229
Item number .L47
100 1# - MAIN ENTRY--PERSONAL NAME
Personal name Lederer, John.
245 14 - TITLE STATEMENT
Title The discoveries of John Lederer,
Remainder of title in three several marches from Virginia to the west of Carolina, and other parts of the continent: begun in March, 1669, and ended in September, 1670, together with a general map of the whole territory which he traversed.
Statement of responsibility, etc. Collected and translated out of Latine from his discourse and writings, by Sir William Talbot ...
260 ## - PUBLICATION, DISTRIBUTION, ETC.
Place of publication, distribution, etc. [Charleston, S.C.,
Name of publisher, distributor, etc. Walker, Evans & Cogswell Co.,
Date of publication, distribution, etc. 1891]
300 ## - PHYSICAL DESCRIPTION
Extent 47 p.
Other physical details map.
Dimensions 32 cm.
500 ## - GENERAL NOTE
General note No. 2 of an edition of 20 copies printed from a copy of the original edition, London 1672, in the Harvard College Library.
530 ## - ADDITIONAL PHYSICAL FORM AVAILABLE NOTE
Additional physical form available note Also available in digital form on the Internet Archive Web site.
651 #0 - SUBJECT ADDED ENTRY--GEOGRAPHIC NAME
Geographic name Virginia
General subdivision Description and travel
Form subdivision Early works to 1800.
651 #0 - SUBJECT ADDED ENTRY--GEOGRAPHIC NAME
Geographic name North Carolina
General subdivision Description and travel
Form subdivision Early works to 1800
650 #0 - SUBJECT ADDED ENTRY--TOPICAL TERM
Topical term or geographic name entry element Indians of North America
Geographic subdivision Virginia
Form subdivision Early works to 1800.
650 #0 - SUBJECT ADDED ENTRY--TOPICAL TERM
Topical term or geographic name entry element Indians of North America
Geographic subdivision North Carolina
Form subdivision Early works to 1800.
700 1# - ADDED ENTRY--PERSONAL NAME
Personal name Talbot, William,
Titles and other words associated with a name Sir,
Dates associated with a name -1691,
Relator term tr.
856 41 - ELECTRONIC LOCATION AND ACCESS
Uniform Resource Identifier <a href="http://hdl.loc.gov/loc.gdc/scd0001.00143670478">http://hdl.loc.gov/loc.gdc/scd0001.00143670478</a>

No items available.

Powered by Koha